| 000 | 01921nac a22003017a 4500 | ||
|---|---|---|---|
| 003 | Co-PeBPM | ||
| 005 | 20250220150804.0 | ||
| 007 | ta | ||
| 008 | 240524s2021 ck ||||| |||| 00| 0 spa d | ||
| 020 | _a9789585320871 | ||
| 040 |
_aCo-PeBPM _bspa _cCo-PeBPM _erda |
||
| 082 | 0 | 4 |
_aCo863 J61co _222 |
| 100 | 1 |
_aJiménez Bedoya, Esteban Ricardo _eautor |
|
| 245 | 1 | 0 |
_aLas cometas fantasma _c/ Esteban Ricardo Jiménez Bedoya |
| 250 | _aPrimera edición | ||
| 260 |
_aPereira, Risaralda _b: Alcaldía de Pereira : Secretaria de Cultura de Pereira, _c2021 |
||
| 300 |
_a133 páginas _c21 centímetros |
||
| 490 |
_aColección de Escritores Pereiranos. Cuento _vv.60 |
||
| 500 | _aIncluye índice | ||
| 500 | _aContiene datos biográficos del autor en la solapa del texto | ||
| 505 | _aHomo Ursus -- Festín de gato -- Les voix -- Sommelieres secantes -- Las cometas fantasma -- Los rumores -- Cortado con la misma tijera -- Las más poderosas bestias -- Herencia de papá -- Lamarck, el recuperador | ||
| 520 | _aEn los cuentos que componen este volumen se presiente una pérdida, y a su encuentro llegan personajes que intentan sobrevivir al vacío insondable, al hambre, a la nostalgia implacable, al reclamo de los dioses, a la ceremonia justa del fuego, a un abandono irreparable, a la tradición anquilosada, a la colisión de destinos, a la extinción y al amor. Los parajes en los que se desarrollan las historias de este compilado, van desde un helado bosque hasta un caluroso desierto oriental, pasando por pequeños pueblos europeos y deteniéndose en la periferia, los suburbios y centros, de diversas ciudades latinoamericanas... Tomado de la contracubierta | ||
| 586 | _aGanador. Premio Colección de Escritores Pereiranos. Modalidad cuento | ||
| 650 | 1 | 0 |
_aCuentos colombianos _2Lemb |
| 650 | 1 | 0 |
_aLiteratura colombiana _2Lemb |
| 942 |
_2ddc _cBK _n0 |
||
| 999 |
_c26879 _d26879 |
||